| 000 | 00446nam a2200157Ia 4500 | ||
|---|---|---|---|
| 003 | OSt | ||
| 005 | 20200702151531.0 | ||
| 008 | 190216s9999||||xx |||||||||||||| ||und|| | ||
| 040 | _coclc | ||
| 082 |
_a947 _bSMI/S |
||
| 100 |
_aSmirnov, I I _93466 |
||
| 245 | 0 |
_aA Short History Of The USSR / _cI I Smirnov |
|
| 260 |
_bProgress Publishers, _c1965. _aMoscow: |
||
| 300 | _a332p | ||
| 942 |
_cBK _2ddc _h947 _iSMI/S _k947 _mSMI/S |
||
| 999 |
_c18741 _d18741 |
||